[Event "AUT-ch Open 2020"]
[Site "Graz"]
[Date "2020.02.16"]
[Round "3.7"]
[White "Wegerer, Fred"]
[Black "Stoleriu, George"]
[Result "0-1"]
[WhiteElo "2132"]
[BlackElo "2337"]
[Annotator "ChessBase"]
[PlyCount "84"]
[EventDate "2020.02.14"]
[EventType "swiss"]
[EventCountry "AUT"]
[SourceTitle "playchess.com"]
[Source "ChessBase"]
[SourceQuality "1"]
[TimeControl "40/5400+30:1800+30"]

1. c4 {[%emt 0:00:00]} e5 {[%emt 0:00:00]} 2. e3 {[%emt 0:00:00]} Nc6 {[%emt 0:01:31]} 3. Nc3 {[%emt 0:01:43]} Nf6 {[%emt 0:03:25]} 4. Nf3 {[%emt 0:03:08]} Be7 {[%emt 0:05:06]} 5. Qc2 {[%emt 0:02:56]} O-O {[%emt 0:03:07]} 6. a3 {[%emt 0:02:57]} a5 {[%emt 0:02:23]} 7. h3 {[%emt 0:34:04]} Re8 {[%emt 0:17:07]} 8. Be2 {[%emt 0:04:43]} d6 {[%emt 0:07:35]} 9. O-O {[%emt 0:03:45]} h6 {[%emt 0:01:02]} 10. d4 {[%emt 0:03:05]} exd4 {[%emt 0:02:13]} 11. exd4 {[%emt 0:00:12]} d5 {[%emt 0:00:05]} 12. Rd1 {[%emt 0:39:27]} Be6 {[%emt 0:06:42]} 13. c5 {[%emt 0:00:00]} Nh7 {[%emt 0:02:26]} 14. Bf4 {[%emt 0:00:00]} Ng5 {[%emt 0:02:06]} 15. Nb5 {[%emt 0:00:00]} Rc8 {[%emt 0:00:59]} 16. Nxg5 {[%emt 0:00:00]} Bxg5 {[%emt 0:01:33]} 17. Bh2 {[%emt 0:00:00]} Qd7 {[%emt 0:07:36]} 18. Bd3 {[%emt 0:00:00]} Bf6 {[%emt 0:01:59]} 19. Qc3 {[%emt 0:00:00]} g6 {[%emt 0:08:32]} 20. b4 {[%emt 0:00:00]} axb4 {[%emt 0:02:00]} 21. axb4 {[%emt 0:00:00]} Bg7 {[%emt 0:04:02]} 22. Bf1 {[%emt 0:00:00]} g5 {[%emt 0:05:15]} 23. Ra3 {[%emt 0:00:00]} f5 {[%emt 0:00:39]} 24. h4 {[%emt 0:00:45]} f4 {[%emt 0:01:05]} 25. hxg5 {[%emt 0:01:08]} hxg5 {[%emt 0:00:04]} 26. g3 {[%emt 0:00:24]} Bg4 {[%emt 0:01:06]} 27. Rd3 {[%emt 0:02:59]} Rf8 {[%emt 0:05:30]} 28. gxf4 {[%emt 0:00:19]} gxf4 {[%emt 0:00:05]} 29. Bh3 {[%emt 0:00:23]} Rce8 {[%emt 0:05:10]} 30. Kh1 {[%emt 0:00:25]} f3 {[%emt 0:01:00]} 31. Bf1 {[%emt 0:00:52]} Re6 {[%emt 0:01:33]} 32. Nxc7 {[%emt 0:01:20]} Rh6 {[%emt 0:00:03]} 33. Nxd5 {[%emt 0:00:07]} Qxd5 {[%emt 0:00:31]} 34. Qb3 {[%emt 0:00:54]} Qxb3 {[%emt 0:00:12]} 35. Raxb3 {[%emt 0:00:36]} Rf5 {[%emt 0:00:48]} 36. Kg1 {[%emt 0:00:08]} Nxd4 {[%emt 0:00:37]} 37. Rxd4 {[%emt 0:01:15]} Bxd4 {[%emt 0:00:07]} 38. Bc4+ {[%emt 0:00:13]} Kg7 {[%emt 0:00:36]} 39. Rd3 {[%emt 0:00:31]} Bxf2+ {[%emt 0:00:21]} 40. Kxf2 {[%emt 0:00:42]} Rxh2+ {[%emt 0:00:05]} 41. Kg1 {[%emt 0:30:01]} Rg2+ {[%emt 0:31:01]} 42. Kf1 {[%emt 0:00:07]} Rh5 {[%emt 0:00:19]} 0-1

[Event "AUT-ch Open 2020"]
[Site "Graz"]
[Date "2020.02.16"]
[Round "3.8"]
[White "Megalios, Konstantinos"]
[Black "Schoppen, Casper"]
[Result "1/2-1/2"]
[WhiteElo "2489"]
[BlackElo "2489"]
[Annotator "ChessBase"]
[PlyCount "65"]
[EventDate "2020.02.14"]
[EventType "swiss"]
[EventCountry "AUT"]
[SourceTitle "playchess.com"]
[Source "ChessBase"]
[SourceQuality "1"]
[TimeControl "40/5400+30:1800+30"]

1. d4 {[%emt 0:05:29]} Nf6 {[%emt 0:00:00]} 2. c4 {[%emt 0:00:09]} e6 {[%emt 0:00:00]} 3. g3 {[%emt 0:00:06]} d5 {[%emt 0:01:05]} 4. Bg2 {[%emt 0:00:09]} Bb4+ {[%emt 0:02:15]} 5. Nd2 {[%emt 0:00:10]} O-O {[%emt 0:00:55]} 6. Ngf3 {[%emt 0:00:17]} dxc4 {[%emt 0:00:59]} 7. Qc2 {[%emt 0:00:17]} a5 {[%emt 0:00:32]} 8. O-O {[%emt 0:13:36]} b5 {[%emt 0:00:47]} 9. a4 {[%emt 0:00:16]} c6 {[%emt 0:00:26]} 10. b3 {[%emt 0:00:28]} cxb3 {[%emt 0:06:58]} 11. Nxb3 {[%emt 0:03:53]} bxa4 {[%emt 0:01:39]} 12. Rxa4 {[%emt 0:04:27]} Ba6 {[%emt 0:12:06]} 13. Bd2 {[%emt 0:02:08]} Bb5 {[%emt 0:05:43]} 14. Raa1 {[%emt 0:01:46]} Nbd7 {[%emt 0:06:27]} 15. Rfb1 {[%emt 0:11:19]} Bxd2 {[%emt 0:03:13]} 16. Nfxd2 {[%emt 0:08:09]} Bxe2 {[%emt 0:11:49]} 17. Qxc6 {[%emt 0:08:11]} Ra6 {[%emt 0:11:02]} 18. Qb7 {[%emt 0:05:25]} Bd3 {[%emt 0:11:53]} 19. Nc1 {[%emt 0:04:13]} Bxb1 {[%emt 0:01:02]} 20. Qxa6 {[%emt 0:00:17]} Bf5 {[%emt 0:00:31]} 21. Qxa5 {[%emt 0:00:49]} Qb8 {[%emt 0:01:32]} 22. Ne2 {[%emt 0:03:59]} Rc8 {[%emt 0:01:26]} 23. Nf1 {[%emt 0:06:11]} Qd6 {[%emt 0:07:29]} 24. Ne3 {[%emt 0:02:42]} Bg6 {[%emt 0:01:08]} 25. Qa3 {[%emt 0:03:37]} Qb6 {[%emt 0:02:28]} 26. Bf3 {[%emt 0:05:33]} h6 {[%emt 0:02:04]} 27. Rc1 {[%emt 0:00:22]} Rxc1+ {[%emt 0:00:49]} 28. Qxc1 {[%emt 0:00:12]} Bd3 {[%emt 0:00:41]} 29. Qd1 {[%emt 0:01:34]} Ba6 {[%emt 0:01:48]} 30. Nc3 {[%emt 0:01:35]} Qb2 {[%emt 0:01:16]} 31. Ne4 {[%emt 0:01:34]} Nxe4 {[%emt 0:02:56]} 32. Bxe4 {[%emt 0:00:03]} Nf6 {[%emt 0:00:33]} 33. Qb1 {[%emt 0:01:23]} 1/2-1/2

[Event "AUT-ch Open 2020"]
[Site "Graz"]
[Date "2020.02.16"]
[Round "3.8"]
[White "Golecki, Jan"]
[Black "Rathnakaran, K.."]
[Result "1-0"]
[WhiteElo "2112"]
[BlackElo "2334"]
[Annotator "ChessBase"]
[PlyCount "53"]
[EventDate "2020.02.14"]
[EventType "swiss"]
[EventCountry "AUT"]
[SourceTitle "playchess.com"]
[Source "ChessBase"]
[SourceQuality "1"]
[TimeControl "40/5400+30:1800+30"]

1. e4 {[%emt 0:00:00]} e6 {[%emt 0:00:00]} 2. d4 {[%emt 0:00:00]} d5 {[%emt 0:00:00]} 3. Nd2 {[%emt 0:00:00]} Nf6 {[%emt 0:00:00]} 4. e5 {[%emt 0:00:03]} Nfd7 {[%emt 0:00:00]} 5. Bd3 {[%emt 0:00:16]} c5 {[%emt 0:00:00]} 6. c3 {[%emt 0:00:12]} Nc6 {[%emt 0:00:00]} 7. Ne2 {[%emt 0:00:13]} cxd4 {[%emt 0:00:01]} 8. cxd4 {[%emt 0:00:07]} f6 {[%emt 0:00:04]} 9. exf6 {[%emt 0:00:12]} Nxf6 {[%emt 0:00:16]} 10. Nf3 {[%emt 0:00:07]} Bd6 {[%emt 0:00:09]} 11. O-O {[%emt 0:00:07]} Qc7 {[%emt 0:00:03]} 12. g3 {[%emt 0:00:04]} O-O {[%emt 0:00:36]} 13. Bf4 {[%emt 0:00:05]} Bd7 {[%emt 0:00:54]} 14. Rc1 {[%emt 0:02:24]} Bxf4 {[%emt 0:00:08]} 15. Nxf4 {[%emt 0:00:06]} Qb6 {[%emt 0:00:04]} 16. b3 {[%emt 0:01:14]} Rae8 {[%emt 0:01:26]} 17. Re1 {[%emt 0:02:50]} Re7 {[%emt 0:02:31]} 18. Qd2 {[%emt 0:05:37]} g5 {[%emt 0:02:28]} 19. Rxc6 {[%emt 0:29:15]} bxc6 {[%emt 0:00:50]} 20. Nxg5 {[%emt 0:00:17]} Rfe8 {[%emt 0:00:47]} 21. Qc3 {[%emt 0:03:36]} Ng4 {[%emt 0:02:30]} 22. Bxh7+ {[%emt 0:23:33]} Rxh7 {[%emt 0:00:13]} 23. Nxh7 {[%emt 0:00:04]} e5 {[%emt 0:00:12]} 24. Nh5 {[%emt 0:00:41]} Kxh7 {[%emt 0:05:02]} 25. h3 {[%emt 0:02:06]} Qd8 {[%emt 0:03:03]} 26. dxe5 {[%emt 0:00:50]} Nh6 {[%emt 0:10:18]} 27. e6 {[%emt 0:01:33]} 1-0

[Event "AUT-ch Open 2020"]
[Site "Graz"]
[Date "2020.02.16"]
[Round "3.9"]
[White "Tomazini, Zan"]
[Black "Diermair, Andreas"]
[Result "1-0"]
[WhiteElo "2483"]
[BlackElo "2483"]
[Annotator "ChessBase"]
[PlyCount "79"]
[EventDate "2020.02.14"]
[EventType "swiss"]
[EventCountry "AUT"]
[SourceTitle "playchess.com"]
[Source "ChessBase"]
[SourceQuality "1"]
[TimeControl "40/5400+30:1800+30"]

1. d4 {[%emt 0:00:46]} d5 {[%emt 0:00:17]} 2. c4 {[%emt 0:00:08]} e6 {[%emt 0:00:17]} 3. Nc3 {[%emt 0:02:47]} c6 {[%emt 0:00:46]} 4. e3 {[%emt 0:00:25]} f5 {[%emt 0:00:44]} 5. g4 {[%emt 0:01:24]} Nf6 {[%emt 0:00:17]} 6. h3 {[%emt 0:08:26]} Na6 {[%emt 0:08:18]} 7. Nf3 {[%emt 0:12:21]} Bd6 {[%emt 0:07:22]} 8. a3 {[%emt 0:11:01]} O-O {[%emt 0:04:11]} 9. Bd3 {[%emt 0:03:42]} dxc4 {[%emt 0:13:39]} 10. Bxc4 {[%emt 0:00:48]} b5 {[%emt 0:00:10]} 11. Bb3 {[%emt 0:03:47]} Kh8 {[%emt 0:00:15]} 12. Ng5 {[%emt 0:11:21]} Qe7 {[%emt 0:04:23]} 13. e4 {[%emt 0:05:13]} e5 {[%emt 0:07:07]} 14. d5 {[%emt 0:03:22]} Nxe4 {[%emt 0:05:08]} 15. Ngxe4 {[%emt 0:11:44]} fxe4 {[%emt 0:00:06]} 16. dxc6 {[%emt 0:00:13]} Bc5 {[%emt 0:08:36]} 17. Nxe4 {[%emt 0:01:09]} Bd4 {[%emt 0:03:31]} 18. Bg5 {[%emt 0:04:15]} Qe8 {[%emt 0:00:37]} 19. Qc2 {[%emt 0:04:34]} Be6 {[%emt 0:02:57]} 20. Rc1 {[%emt 0:03:04]} Bxb3 {[%emt 0:03:42]} 21. Qxb3 {[%emt 0:00:01]} Qg6 {[%emt 0:00:13]} 22. f3 {[%emt 0:05:39]} Nc7 {[%emt 0:09:21]} 23. h4 {[%emt 0:01:10]} h5 {[%emt 0:01:27]} 24. gxh5 {[%emt 0:01:42]} Qxh5 {[%emt 0:00:40]} 25. Rf1 {[%emt 0:00:07]} Qg6 {[%emt 0:04:12]} 26. h5 {[%emt 0:01:10]} Qf5 {[%emt 0:01:55]} 27. h6 {[%emt 0:00:21]} g6 {[%emt 0:00:48]} 28. Be7 {[%emt 0:01:30]} Qf4 {[%emt 0:03:10]} 29. Rc2 {[%emt 0:00:28]} Rf5 {[%emt 0:01:45]} 30. Bd6 {[%emt 0:01:11]} Qh4+ {[%emt 0:03:45]} 31. Kd1 {[%emt 0:00:22]} Qh3 {[%emt 0:01:13]} 32. Nd2 {[%emt 0:01:11]} Ne8 {[%emt 0:00:51]} 33. Be7 {[%emt 0:00:13]} e4 {[%emt 0:02:13]} 34. Qb4 {[%emt 0:00:16]} Bb6 {[%emt 0:01:25]} 35. Qxe4 {[%emt 0:00:20]} Rc8 {[%emt 0:01:24]} 36. Kc1 {[%emt 0:01:02]} Rc7 {[%emt 0:00:29]} 37. Bd8 {[%emt 0:00:20]} Nd6 {[%emt 0:00:39]} 38. Qd3 {[%emt 0:00:18]} Nc4 {[%emt 0:00:32]} 39. Rxc4 {[%emt 0:00:23]} bxc4 {[%emt 0:00:18]} 40. Qc3+ {[%emt 0:00:05]} 1-0

[Event "AUT-ch Open 2020"]
[Site "Graz"]
[Date "2020.02.16"]
[Round "3.9"]
[White "Mis, Mieszko"]
[Black "Murray, David"]
[Result "1-0"]
[WhiteElo "2334"]
[BlackElo "2145"]
[Annotator "ChessBase"]
[PlyCount "59"]
[EventDate "2020.02.14"]
[EventType "swiss"]
[EventCountry "AUT"]
[SourceTitle "playchess.com"]
[Source "ChessBase"]
[SourceQuality "1"]
[TimeControl "40/5400+30:1800+30"]

1. d4 {[%emt 0:00:00]} Nf6 {[%emt 0:05:25]} 2. c4 {[%emt 0:00:00]} e6 {[%emt 0:00:45]} 3. Nf3 {[%emt 0:00:00]} d5 {[%emt 0:00:50]} 4. Nc3 {[%emt 0:01:50]} Bb4 {[%emt 0:03:33]} 5. Qa4+ {[%emt 0:00:18]} Nc6 {[%emt 0:00:16]} 6. e3 {[%emt 0:00:03]} O-O {[%emt 0:02:33]} 7. Qc2 {[%emt 0:00:16]} b6 {[%emt 0:03:52]} 8. Bd2 {[%emt 0:03:40]} Bb7 {[%emt 0:02:56]} 9. a3 {[%emt 0:04:33]} Be7 {[%emt 0:03:03]} 10. cxd5 {[%emt 0:00:37]} Nxd5 {[%emt 0:04:55]} 11. Bd3 {[%emt 0:01:24]} h6 {[%emt 0:03:25]} 12. O-O-O {[%emt 0:16:58]} Nxc3 {[%emt 0:05:48]} 13. Bxc3 {[%emt 0:00:24]} a6 {[%emt 0:03:43]} 14. e4 {[%emt 0:01:43]} Kh8 {[%emt 0:08:08]} 15. Bc4 {[%emt 0:10:37]} Na5 {[%emt 0:05:36]} 16. Ba2 {[%emt 0:00:38]} Bg5+ {[%emt 0:10:01]} 17. Kb1 {[%emt 0:01:05]} f5 {[%emt 0:01:33]} 18. d5 {[%emt 0:02:05]} fxe4 {[%emt 0:10:36]} 19. dxe6 {[%emt 0:04:10]} exf3 {[%emt 0:03:37]} 20. Rxd8 {[%emt 0:00:49]} Raxd8 {[%emt 0:00:44]} 21. Qg6 {[%emt 0:00:46]} Rg8 {[%emt 0:01:57]} 22. g3 {[%emt 0:02:30]} Nc6 {[%emt 0:04:31]} 23. h4 {[%emt 0:02:27]} Bd2 {[%emt 0:00:47]} 24. Bxd2 {[%emt 0:01:29]} Rxd2 {[%emt 0:00:09]} 25. Qf7 {[%emt 0:01:05]} Ne7 {[%emt 0:10:15]} 26. Qxe7 {[%emt 0:02:24]} Be4+ {[%emt 0:00:59]} 27. Ka1 {[%emt 0:00:36]} Rxf2 {[%emt 0:00:44]} 28. Qf7 {[%emt 0:00:25]} Bc6 {[%emt 0:01:14]} 29. e7 {[%emt 0:00:19]} Ra8 {[%emt 0:01:04]} 30. Qf8+ {[%emt 0:00:13]} 1-0

[Event "AUT-ch Open 2020"]
[Site "Graz"]
[Date "2020.02.16"]
[Round "3.10"]
[White "Soham Das"]
[Black "Froewis, Georg"]
[Result "0-1"]
[WhiteElo "2461"]
[BlackElo "2461"]
[Annotator "RC"]
[PlyCount "150"]
[EventDate "2020.02.14"]
[EventType "swiss"]
[EventCountry "AUT"]
[SourceTitle "playchess.com"]
[Source "ChessBase"]
[SourceQuality "1"]
[TimeControl "40/5400+30:1800+30"]

1. e4 {[%emt 0:00:15]} c5 {[%emt 0:00:00]} 2. Nf3 {[%emt 0:00:23]} e6 {[%emt 0:00:00]} 3. d3 {[%emt 0:00:09]} Nc6 {[%emt 0:00:09]} 4. g3 {[%emt 0:00:04]} d5 {[%emt 0:00:11]} 5. Qe2 {[%emt 0:00:06]} Be7 {[%emt 0:00:06]} 6. Bg2 {[%emt 0:00:08]} Nf6 {[%emt 0:00:06]} 7. O-O {[%emt 0:00:10]} b5 {[%emt 0:00:53]} 8. exd5 {[%emt 0:11:17]} exd5 {[%emt 0:01:54]} 9. d4 {[%emt 0:07:51]} c4 {[%emt 0:01:49]} 10. Ne5 {[%emt 0:00:45]} Nxd4 {[%emt 0:10:29]} 11. Qd1 {[%emt 0:01:50]} Ne6 {[%emt 0:02:33]} 12. Nc3 {[%emt 0:13:19]} Bb7 {[%emt 0:01:57]} 13. Nxb5 {[%emt 0:03:53]} Qb6 {[%emt 0:00:46]} 14. a4 {[%emt 0:02:54]} a6 {[%emt 0:03:52]} 15. Be3 {[%emt 0:15:41]} Qd8 {[%emt 0:34:09]} 16. Nd4 {[%emt 0:01:30]} Qc7 {[%emt 0:04:49]} 17. Nxe6 {[%emt 0:16:05]} fxe6 {[%emt 0:00:19]} 18. Bd4 {[%emt 0:00:32]} O-O {[%emt 0:04:39]} 19. Bh3 {[%emt 0:03:38]} Qd6 {[%emt 0:02:30]} 20. b4 {[%emt 0:03:01]} cxb3 {[%emt 0:01:54]} 21. cxb3 {[%emt 0:00:07]} Ne4 {[%emt 0:03:52]} 22. Qg4 {[%emt 0:02:44]} Ng5 {[%emt 0:03:28]} 23. Bg2 {[%emt 0:01:10]} Bf6 {[%emt 0:00:21]} 24. f4 {[%emt 0:03:49]} Ne4 {[%emt 0:01:05]} 25. Rad1 {[%emt 0:00:13]} Rae8 {[%emt 0:03:13]} 26. h4 {[%emt 0:02:24]} Qb4 {[%emt 0:02:49]} 27. h5 {[%emt 0:01:15]} Nd2 {[%emt 0:04:25]} 28. Rxd2 {[%emt 0:00:51]} Qxd2 {[%emt 0:00:07]} 29. Rd1 {[%emt 0:00:11]} Qc2 {[%emt 0:01:28]} 30. Rd3 {[%emt 0:05:02]} Re7 {[%emt 0:02:35]} 31. Bf1 {[%emt 0:01:12]} a5 {[%emt 0:02:15]} 32. Rd1 {[%emt 0:01:57]} Qxb3 {[%emt 0:02:05]} 33. h6 {[%emt 0:01:02]} Qxa4 {[%emt 0:02:36]} 34. Bc5 {[%emt 0:00:53]} Rfe8 {[%emt 0:01:12]} 35. hxg7 {[%emt 0:00:37]} Rxg7 {[%emt 0:00:21]} 36. Qh5 {[%emt 0:00:19]} Rc8 {[%emt 0:01:19]} 37. Ng4 {[%emt 0:00:26]} Bc3 {[%emt 0:01:28]} 38. Nh6+ {[%emt 0:00:42]} Kh8 {[%emt 0:00:01]} 39. Bd6 {[%emt 0:00:33]} Qe8 {[%emt 0:00:41]} 40. Qh3 {[%emt 0:00:31]} Qg6 {[%emt 0:00:23]} 41. f5 {[%emt 0:27:41]} exf5 {[%emt 0:00:36]} 42. Nxf5 {[%emt 0:00:37]} Rcg8 {[%emt 0:04:54]} 43. Bd3 {[%emt 0:02:18]} Qxd6 {[%emt 0:01:21]} 44. Nxd6 {[%emt 0:01:01]} Rxg3+ {[%emt 0:00:02]} 45. Qxg3 {[%emt 0:00:24]} Rxg3+ {[%emt 0:00:02]} 46. Kf2 {[%emt 0:00:37]} Rg7 {[%emt 0:00:02]} 47. Rb1 {[%emt 0:00:50]} Bb4 {[%emt 0:00:17]} 48. Nxb7 {[%emt 0:00:31]} Rxb7 {[%emt 0:00:06]} 49. Kf3 {[%emt 0:00:31]} Re7 {[%emt 0:00:19]} 50. Bc2 {[%emt 0:00:19]} d4 {[%emt 0:00:27]} 51. Rg1 {[%emt 0:00:18]} Rg7 {[%emt 0:00:22]} 52. Rh1 {[%emt 0:00:15]} Rc7 {[%emt 0:00:26]} 53. Rh2 {[%emt 0:01:04]} Re7 {[%emt 0:03:02]} 54. Rg2 {[%emt 0:00:32]} Rg7 {[%emt 0:01:38]} 55. Rh2 {[%emt 0:00:17]} Ra7 {[%emt 0:00:31]} 56. Ke4 {[%emt 0:00:32]} Bc3 {[%emt 0:00:08]} 57. Ba4 {[%emt 0:00:39]} Re7+ {[%emt 0:00:06]} 58. Kd5 {[%emt 0:00:20]} Re3 {[%emt 0:04:13]} 59. Kc4 {[%emt 0:00:37]} Re5 {[%emt 0:00:28]} 60. Bc2 {[%emt 0:00:26]} Re7 {[%emt 0:00:19]} 61. Rg2 {[%emt 0:00:24]} Ra7 {[%emt 0:01:14]} 62. Ba4 {[%emt 0:00:42]} Rb7 {[%emt 0:00:45]} 63. Bb5 {[%emt 0:00:35]} h6 {[%emt 0:01:58]} 64. Kc5 {[%emt 0:00:20]} Rg7 {[%emt 0:00:53]} 65. Rh2 {[%emt 0:00:12]} Rg5+ {[%emt 0:00:06]} 66. Kb6 {[%emt 0:00:48]} Kg7 {[%emt 0:00:17]} 67. Ba4 {[%emt 0:00:39]} d3 {[%emt 0:02:38]} 68. Rh3 {[%emt 0:00:03]} Rd5 {[%emt 0:00:08]} 69. Kc6 {[%emt 0:00:47]} Rd4 {[%emt 0:00:08]} 70. Rg3+ {[%emt 0:00:15]} Kf6 {[%emt 0:00:09]} 71. Bd1 {[%emt 0:00:37]} Bb4 {[%emt 0:00:19]} 72. Rh3 {[%emt 0:00:05]} Rd6+ {[%emt 0:00:45]} 73. Kb5 {[%emt 0:01:02]} Kg5 {[%emt 0:00:14]} 74. Kc4 {[%emt 0:00:42]} d2 {[%emt 0:00:09]} 75. Rh5+ {[%emt 0:00:30]} Kg6 {[%emt 0:00:07] Kd4} 0-1

[Event "AUT-ch Open 2020"]
[Site "Graz"]
[Date "2020.02.16"]
[Round "3.11"]
[White "Manush Shah"]
[Black "Froewis, Annika"]
[Result "1-0"]
[WhiteElo "2322"]
[BlackElo "2121"]
[Annotator "TA"]
[PlyCount "119"]
[EventDate "2020.02.14"]
[EventType "swiss"]
[EventCountry "AUT"]
[SourceTitle "playchess.com"]
[Source "ChessBase"]
[SourceQuality "1"]

{[%evp 17,119,0,0,0,0,-2,0,-13,0,0,15,0,10,0,16,0,0,-7,-7,-17,-12,-20,-10,-46,-10,-26,-13,-6,0,0,0,-30,-27,-30,-8,-20,-9,-16,31,8,29,-6,0,-75,-26,-27,-11,-14,-15,-47,-45,-47,-42,-53,-25,-24,0,0,0,-35,-31,-53,-35,-592,-603,-603,-595,-554,0,0,136,140,146,118,850,850,840,835,835,821,816,807,1335,1008,977,945,29964,29960,29965,5306,29982,29983,29991,29988,29988,29989,29989,29990,29990,29990,29989,29984,29992,29985]} 1. d4 d5 2. c4 e6 3. Nf3 Nf6 4. e3 Be7 5. Nc3 O-O 6. cxd5 exd5 7. Bd3 c6 8. h3 Re8 9. O-O Nbd7 10. Qc2 {[#] D45: Semi-Slav: 5 e3.} g6 $146 ({Predecessor:} 10... Nf8 11. Bd2 Ne6 12. Ne5 c5 13. dxc5 Nxc5 14. Bb5 Rf8 15. Rad1 a6 16. Be2 g6 {1-0 (42) Longa Yauca,J (2211)-Collado Barbas,L (2111) Madrid 2018}) 11. Rb1 a5 12. Bd2 {The position is equal.} Bd6 13. Rfe1 Nf8 14. a3 Ne6 15. Rbd1 Qb6 16. Rc1 Ng7 17. e4 dxe4 18. Nxe4 Nxe4 19. Bxe4 Be6 20. Bg5 Be7 21. Bf4 Bf6 22. Be5 Nh5 23. Qd2 Bg7 24. g4 Nf6 $1 25. Ng5 Rad8 26. Bf3 Rd7 27. Nxe6 fxe6 28. Re2 Nd5 29. Rce1 Bxe5 30. dxe5 (30. Rxe5 $11 Nc7 31. R1e4) 30... Qb3 31. Re3 Qb5 32. Rd3 Rf8 33. Be4 Rdf7 34. Bxd5 cxd5 35. Re2 b6 36. Kg2 Qc5 37. Rc3 Qb5 38. Qd3 Qd7 39. Rb3 d4 40. Rxb6 $2 {[%mdl 8192]} (40. Kg1 $15) 40... Qd5+ $19 41. Kg1 {Threatening Rd6.} Rf3 42. Qe4 Qd7 $2 (42... d3 $1 $19 {[%cal Rd3e2]} 43. Qxd5 dxe2) 43. Qc6 Qd8 (43... d3 $11 {remains equal.} 44. Re3 (44. Qxd7 $2 {loses.} dxe2 45. Qd2 Rxf2 $19) (44. Rd2 $2 Qd4 $17) 44... Qxc6 45. Rxc6 d2) 44. Qxe6+ $16 Kh8 45. Qd6 $1 {Threatens to win with Qxd8.} Qh4 $2 {[%mdl 8192]} (45... d3 $16 46. Qxd8 dxe2) 46. e6 $18 {Black must now prevent e7.} Qxh3 {[#]} 47. Qe5+ $1 ({Not} 47. Qxd4+ $2 Kg8 $19) 47... Kg8 {[#]} 48. e7 $1 {Qd5+ would kill now.} ({Weaker is} 48. Rb7 Qxg4+ 49. Kf1 Qh3+ 50. Kg1 Qg4+ 51. Kf1 Qh3+ 52. Kg1 Qg4+ $11) 48... Qxg4+ 49. Kf1 Qh3+ 50. Ke1 Qh1+ 51. Kd2 {Intending Qd5+ and mate.} Qh6+ 52. Kd1 Qh1+ 53. Re1 Rd3+ {[#]} 54. Kc2 $1 {[%mdl 512] White mates.} Rxf2+ 55. Kxd3 Qh3+ {[#]} 56. Re3 $1 {[%mdl 512]} Qf1+ (56... dxe3 57. e8=Q+) 57. Kxd4 Qd1+ 58. Rd3 Qg4+ 59. Qe4 Qd7+ 60. Qd5+ {Accuracy: White = 82%, Black = 63%.} 1-0

[Event "AUT-ch Open 2020"]
[Site "Graz"]
[Date "2020.02.16"]
[Round "3.11"]
[White "Godzwon, Iwo"]
[Black "Janzelj, Tim"]
[Result "1/2-1/2"]
[WhiteElo "2321"]
[BlackElo "2451"]
[Annotator "ChessBase"]
[PlyCount "61"]
[EventDate "2020.02.14"]
[EventType "swiss"]
[EventCountry "AUT"]
[SourceTitle "playchess.com"]
[Source "ChessBase"]
[SourceQuality "1"]
[TimeControl "40/5400+30:1800+30"]

1. e4 {[%emt 0:00:00]} c6 {[%emt 0:01:19]} 2. d4 {[%emt 0:00:00]} d5 {[%emt 0:00:06]} 3. e5 {[%emt 0:00:00]} Bf5 {[%emt 0:00:07]} 4. Nd2 {[%emt 0:00:00]} e6 {[%emt 0:00:26]} 5. Nb3 {[%emt 0:00:00]} Nd7 {[%emt 0:03:07]} 6. Nf3 {[%emt 0:00:00]} h6 {[%emt 0:00:58]} 7. Be2 {[%emt 0:00:53]} Ne7 {[%emt 0:00:42]} 8. O-O {[%emt 0:01:21]} Bh7 {[%emt 0:03:40]} 9. Bd2 {[%emt 0:00:21]} Nf5 {[%emt 0:00:28]} 10. Ba5 {[%emt 0:00:26]} b6 {[%emt 0:01:35]} 11. Bd2 {[%emt 0:00:03]} Be7 {[%emt 0:01:03]} 12. Rc1 {[%emt 0:00:04]} b5 {[%emt 0:07:34]} 13. a4 {[%emt 0:09:35]} Qb6 {[%emt 0:08:32]} 14. Ba5 {[%emt 0:06:15]} Qb7 {[%emt 0:02:47]} 15. axb5 {[%emt 0:00:05]} cxb5 {[%emt 0:00:05]} 16. c3 {[%emt 0:00:02]} O-O {[%emt 0:04:13]} 17. Bb4 {[%emt 0:00:56]} Rfc8 {[%emt 0:01:53]} 18. Ne1 {[%emt 0:06:02]} Bd8 {[%emt 0:20:03]} 19. Ra1 {[%emt 0:04:21]} Ne7 {[%emt 0:01:38]} 20. Na5 {[%emt 0:09:31]} Qb6 {[%emt 0:02:02]} 21. Nd3 {[%emt 0:00:30]} Nc6 {[%emt 0:01:27]} 22. Nxc6 {[%emt 0:04:53]} Qxc6 {[%emt 0:01:03]} 23. Ba5 {[%emt 0:02:38]} Be7 {[%emt 0:01:53]} 24. Qb3 {[%emt 0:08:54]} Qc4 {[%emt 0:10:28]} 25. Qd1 {[%emt 0:00:06]} Qc6 {[%emt 0:00:07]} 26. Qd2 {[%emt 0:04:42]} Nb6 {[%emt 0:01:46]} 27. Nb4 {[%emt 0:00:19]} Bxb4 {[%emt 0:02:52]} 28. Bxb4 {[%emt 0:00:05]} Nc4 {[%emt 0:00:41]} 29. Bxc4 {[%emt 0:00:09]} dxc4 {[%emt 0:01:59]} 30. Ra5 {[%emt 0:01:27]} Be4 {[%emt 0:02:04]} 31. f3 {[%emt 0:00:06]} 1/2-1/2